000
00281nam a22001217a 4500
003
OSt
008
250117b |||||||| |||| 00| 0 eng d
041
_a
eng
100
_a
Agarwal, AN
_9
6957
245
_a
Indian Agriculture
260
_b
Varmi Educational Books,
_c
1986.
942
_c
BK
999
_c
19046
_d
19046